Data Structures using C and C++ (Record no. 13810)

MARC details
000 -LEADER
fixed length control field 00443nam a22001817a 4500
003 - CONTROL NUMBER IDENTIFIER
control field OSt
008 - FIXED-LENGTH DATA ELEMENTS--GENERAL INFORMATION
fixed length control field 260212b |||||||| |||| 00| 0 eng d
020 ## - INTERNATIONAL STANDARD BOOK NUMBER
International Standard Book Number 9789332549319
082 ## - DEWEY DECIMAL CLASSIFICATION NUMBER
Classification number 005.73 LAD
100 ## - MAIN ENTRY--PERSONAL NAME
Personal name LANGSAM, Yedidyah
245 ## - TITLE STATEMENT
Title Data Structures using C and C++
250 ## - EDITION STATEMENT
Edition statement 2nd Ed
260 ## - PUBLICATION, DISTRIBUTION, ETC. (IMPRINT)
Place of publication, distribution, etc New Delhi
Name of publisher, distributor, etc Pearson
Date of publication, distribution, etc 2026
300 ## - PHYSICAL DESCRIPTION
Extent 672p
700 ## - ADDED ENTRY--PERSONAL NAME
Personal name AUGENSTEIN,Moshe J
700 ## - ADDED ENTRY--PERSONAL NAME
Personal name TENENBAUM,Aaron M
942 ## - ADDED ENTRY ELEMENTS (KOHA)
Source of classification or shelving scheme Dewey Decimal Classification
Koha item type Reference Books
Holdings
Withdrawn status Lost status Source of classification or shelving scheme Damaged status Not for loan Collection code Home library Current library Date acquired Source of acquisition Currency Cost, normal purchase price Bill Number Total Checkouts Full call number Acc. no. / Barcode Date last seen Actual Cost, discounted price Bill Date Koha item type Public note
    Dewey Decimal Classification     B.Tech(CSE) PIET C-LIBRARY PIET C-LIBRARY 29/01/2026 UDH Publisher and distributors pvt. INR 850.00 CM3496   005.73 LAD 39840 12/02/2026 573.75 29/01/2026 Reference Books Decentrilization

Design & Developed by: PIET Central Library
R70 Miles Stone Pattikalyana Samalkha Panipat 132102
mail ID :- [email protected], Phone No:- 0180-2569700 Ex.216